Statistics for All 4-Letter Scrabble Words Starting with “C”

Click here to take the quiz!

General Stats

  • This quiz has been taken 72 times
  • The average score is 129 of 233

Answer Stats

Word % Correct
care
96%
cart
96%
cabs
92%
cool
92%
cars
92%
came
92%
cats
92%
cave
90%
case
90%
come
90%
core
88%
call
88%
cage
88%
card
88%
cake
85%
cafe
85%
cade
85%
clam
83%
cape
83%
cope
83%
cane
83%
clap
81%
cram
81%
cops
81%
cast
81%
code
81%
chat
81%
cute
81%
cone
79%
cant
79%
clan
79%
carp
79%
cord
79%
coop
79%
cure
77%
cans
77%
calm
77%
cash
77%
cogs
75%
cows
75%
clay
75%
clot
75%
cads
75%
chip
75%
cams
75%
cuts
75%
clad
73%
caps
73%
camp
73%
coke
73%
cost
73%
carn
73%
clop
73%
cook
73%
cold
73%
cors
73%
corn
73%
chit
71%
cots
71%
clip
71%
cole
71%
claw
71%
coal
71%
cons
71%
chin
71%
coot
71%
cods
71%
chop
71%
cent
71%
curs
69%
crab
69%
crow
69%
cate
69%
coos
69%
chap
69%
coat
69%
crag
67%
cell
67%
char
67%
carl
67%
cork
67%
crop
67%
cobs
67%
chew
67%
cays
65%
clog
65%
clod
65%
coil
65%
colt
65%
carb
65%
crew
65%
cuss
63%
cull
63%
curt
63%
clag
63%
comb
63%
cove
63%
caws
63%
cups
63%
camo
60%
cote
60%
cube
60%
cark
60%
chis
60%
crib
60%
cask
58%
curl
58%
carr
58%
curd
58%
clue
58%
caca
58%
corm
58%
chow
58%
cosy
58%
chaw
58%
cubs
58%
cham
56%
cuds
56%
calf
56%
coma
56%
cede
56%
casa
56%
chad
56%
comp
54%
calk
54%
capo
54%
cola
54%
chic
54%
chid
54%
craw
54%
cuff
52%
cred
52%
cusp
52%
cues
52%
cain
52%
cozy
52%
coco
52%
conk
52%
coys
52%
coda
52%
coin
52%
chum
52%
chug
52%
corf
52%
crit
50%
cosh
50%
cowl
50%
club
50%
curn
48%
cloy
48%
calo
48%
crud
48%
chay
48%
coss
48%
caph
46%
cult
46%
cris
46%
caff
46%
cols
46%
chef
46%
curr
46%
clon
46%
cadi
46%
copy
46%
coca
46%
coof
46%
conn
44%
chub
44%
cony
44%
cine
44%
chez
44%
chia
44%
curb
44%
coni
44%
cite
42%
coff
42%
cory
40%
celt
40%
city
40%
clef
40%
curf
40%
coax
40%
chai
40%
cere
38%
caid
38%
cess
38%
chao
35%
cuke
35%
coly
33%
coup
33%
clew
33%
crux
33%
cels
33%
cyan
33%
ceps
31%
chon
31%
cyst
31%
cobb
31%
cued
31%
cist
31%
coif
31%
caky
29%
croc
29%
cepe
29%
coir
29%
calx
29%
caul
29%
coed
29%
cavy
27%
coft
27%
cusk
27%
cagy
27%
crus
27%
coky
25%
cigs
25%
cees
25%
cowy
25%
coho
23%
cire
23%
czar
21%
cero
19%
ceil
17%
coxa
17%
culm
15%
ceca
15%
cete
15%
cedi
13%
cion
8%
ciao
6%
cuif
4%
cwms
4%
cyme
4%
cyma
2%

Score Distribution

Percentile by Number Answered

Percent of People with Each Score

Your Score History

You have not taken this quiz